Financial accounting

Bibliographic Details
Main Author: Skousen, K.Fred
Format: Book
Published: Cincinnati : College Division , 1991
Edition:4th edition
Subjects:

MARC

LEADER 00000cam a2200000 7i4500
001 0000004908
002 000005293
005 20000330.0
020 |a 0538811757 
090 0 0 |a 657   |b SKO 
100 1 |a Skousen, K.Fred 
245 1 0 |a Financial accounting   |c K.Fred Skousen 
250 |a 4th edition 
260 |a Cincinnati :   |b College Division ,   |c 1991 
300 |a 769p. ;   |c 25cm. 
650 0 0 |a Accounting 
999 |a 037648   |b BUKU   |c PINJAMAN   |e PERPUSTAKAAN KOMUNITI PETALING JAYA